00851nam a2200229 a 450000100100000000500170001000800410002704000250006808200250009310000330011824501510015125000110030226000580031330000230037150400410039450400430043565000340047865000270051265000330053965000180057270000310059000002416620250526115843.0110119s1970 mx r 000 0 spa d aDO-SdBNPbspacBNPHU a303.483bM322h, 19701 aMarcuse, Herbert,d1898-197913ael hombre unidimensional :bensayos sobre la ideología de la sociedad industrial avanzada /cHerbert Marcuse ; traducción Juan García Ponce. a6a ed. aMéxico, D. F. :bEditorial Joaquín Mortiz,c1970. a272 p. ;c19.5 cm. aIncluye referencias bibliográficas aIncluye notas al pie de las páginas. 4aTecnología y civilización 0aCivilización moderna 4aTecnologíaxAspecto social 0aCambio social1 aGarcía Ponce, Juan,etr.